01195nam 22002413 4500001000700000010002200007021001800029100004100047200011300088205000800201210003600209215003800245300003700283330046200320606002700782610003100809610001100840675002100851700003200872702002000904801001800924830001100942202846 a978-972-47-4622-7 aPTb378889/14 a20260702d u||y0pory50 ba aCaras e Coroasereis e rainhas de Portugal para miúdosfJosé Jorge Letriagilustração Ricardo Cabral a1ª aAlfragidecTexto Editoresd2014 a[45] p.cil. ; encadernadod29 cm aPlano Nacional de Leitura- Ler + aEmbarca nesta aventura contada em verso com a mestria de José Jorge Letria, e vem conhecer os feitos dos reis e rainhas que governaram Portugal desde o nascimento do reino até à implantação da República. De dinastia em dinastia, vais acompanhar o cronista através de episódios a que Ricardo Cabral dá cor e vida e ficar a saber ainda mais acerca da nossa História e dos feitos dos nossos governantes. Porque aprender é mesmo divertido! aHistória de Portugal aReis e rainhas de portugal aPoesia a94(469)vPTzpor aLetriabJosé Jorgef1951- aCabralbRicardo aPTbBMMNgRPC cIsabel